000 00576nam a2200193Ia 4500
001 18418
008 171208s1899 ii g b000 u 465 u
082 _a321.4
100 _aLecky, William Edward Hartpole .
245 0 _aDemocracy and Liberty /
_cWilliam Edward Hartpole Lecky.
_hTextual Documents
250 _a1st ed. /
260 _aLondon :
_bLongmans, Green & Co. ,
_c1899.
300 _a568p. ;
_c18cm.
653 _aDemocracy-Liberty
653 _aG-Political Science
653 _aT/G-Political Science
653 _aRef Section-Political Sc.
942 _2ddc
_cBK
999 _c18400
_d18400